LEADER 01730nam a2200385 a 4500 001 000000171415 003 CaOOAMICUS 005 20190128155910.0 008 190128s2018 it u000 u ita r 020 $a978-88-9317-884-6* 032 $aLibriCat 040 $aPUL$bita 082 04$a345.45 110 1 $aItalia.$0(OLS)http://pul/name/1188 245 10$aCodice penale e di procedura penale e leggi complementari /$ca cura di Luigi Alibrandi (per il codice penale) ; Piermaria Corso (per il codice di procedura penale) 250 $a52. ed. 260 $aPiacenza :$bLa Tribuna,$c©2018. 300 $a2308 p.;$c19 cm 490 1 $aI codici vigenti 2018 500 $aComprende indici. 500 $aTesto su due colonne. 500 $aSulla coperta: Aggiornato con le norme in materia di giustizia della legge milleproroghe (L.21/9/2018, N. 108). 630 04$aCodice penale$zItalia.$0(OLS)http://pul/subject/12325 650 4$aProcedura penale$zItalia.$0(OLS)http://pul/subject/12686 700 1 $aAlibrandi, Luigi.$0(OLS)http://pul/name/45474 700 1 $aCorso, Piermaria.$0(OLS)http://pul/name/35334 830 2$aI Codici vigenti 2018.$0(OLS)http://pul/title/209366 850 $aPUL 852 $aPUL$W1$xDP2 Diritto e Scienze Sociali 3$y110$m348. 45 COD 3.1.129$j195107$qDDC 21$B200006$CPULBib$Z2$F200006 $H132124 $81 941 1 $a9 996 $6020$a978-88-9317-884-6*$9(OLS)http://pul/number/165671 996 $6082$a345.45$9(OLS)http://pul/classification/371 996 $6245$aCodice penale e di procedura penale e leggi complementari$9(OLS)http://pul/title/178222 996 $6260$aPiacenza :$bLa Tribuna$9(OLS)http://pul/publisher/69734 LEADER 01403nam a2200325 a 4500 001 000000176126 003 CaOOAMICUS 005 20230913112407.0 008 230913s2022 it 001 u ita r 020 $a978-88-28-84101-2* 032 $aLibriCat 040 $aPUL$bita 082 04$a346.45077 100 1 $aMoscati, Enrico.$0(OLS)http://pul/name/55943 245 10$aDel pagamento con surrogazione :$bArt. 1201-1205 /$cEnrico Moscati. 260 $aMilano :$bGiuffrè Francis Lefebvre,$c©2022. 300 $aXXIV, 338 p.;$c25 cm 490 1 $aIl Codice civile.$aCommentario$aArtt.1201-1205 504 $aBibliografia in nota. 650 4$aSurrogazione.$0(OLS)http://pul/subject/34976 650 4$aCodice civile$zItalia$xCommenti.$0(OLS)http://pul/subject/33992 830 3$aIl Codice civile.$pCommentario ;$vArtt.1201-1205.$0(OLS)http://pul/title/53143 850 $aPUL 852 $aPUL$W1$xSL Diritto e Scienze Sociali 3$y79$m300 A 1.1201$j200289$qDDC 21$B205072$CPULBib$Z2$F205072 $H136389 $82 941 1 $a9 996 $6020$a978-88-28-84101-2*$9(OLS)http://pul/number/169318 996 $6082$a346.45077$9(OLS)http://pul/classification/3029 996 $6245$aDel pagamento con surrogazione :$bArt. 1201-1205$9(OLS)http://pul/title/217630 996 $6260$aMilano :$bGiuffrè Francis Lefebvre$9(OLS)http://pul/publisher/86917